000 00402nam a22001457a 4500
999 _c7737
_d7737
003 GBCCL
005 20241126110635.0
008 180914b ||||| |||| 00| 0 eng d
040 _cgbc
082 _aSOU CHI
_b2006
245 _aChin students association :
_bgolden jubilee 1956-2006 souvenir /
_cKhamsuanlun Hatzaw , editor
260 _c2006.
_aLamka :
_bCSA,
300 _a136pages,
942 _2ddc
_cARCH